000
00280nam a2200121Ia 4500
008
221007s9999 xx 000 0 und d
041
_a
eng
082
_b
THE
100
_a
The Times
_9
96999
245
_a
Test Your Aptitude
260
_c
2006
_b
The Times
_a
Mumbai
906
_b
General
999
_c
61485
_d
61485